Klett maximal interaktiv 3 : němčina pro základní školy a víceletá gymnázia /

Hlavní autor: Motta, Giorgio
Další autoři: Krulak-Kempisty, Elżbieta, Glück, Dagmar, Reinke, Kerstin, Mlejnková Hošková, Kateřina, Weber, Julia Katharina, Šober, Lidija, Hohmann, Sandra, 1974-
Jazyk: Němčina
Čeština
Vydáno: Praha : Klett, [2019]
Vydání: 1. vydání
Témata:
Externí odkaz: E-learningový portál
Fyzický popis: 3 svazky : ilustrace (převážně barevné) ; 30 cm
Odebírané svazky: učebnice, pracovní sešit
Knihy
Uloženo v:
LEADER 03420cam a2200721 ia4500
001 nkc20193130862
003 CZ PrNK
005 20220504064742.0
007 ta
008 190718s2019 xr a c p 000 0 cze d
015 |a cnb003130862 
020 |a 978-80-7397-271-4  |q (učebnice ;  |q brožováno) 
020 |a 978-80-7397-273-8  |q (pracovní sešit barevný ;  |q brožováno) 
020 |a 978-80-7397-272-1  |q (pracovní sešit černobílý ;  |q brožováno) 
035 |a (OCoLC)1315528864 
040 |a OSA001  |b cze  |d BOA001  |d OLA001  |d ABA001  |e rda 
041 0 |a cze  |a ger 
072 7 |a 811.112.2  |x Němčina  |2 Konspekt  |9 11 
072 7 |a 37.016  |x Učební osnovy. Vyučovací předměty. Učebnice  |2 Konspekt  |9 22 
080 |a 811.112.2  |2 MRF 
080 |a (075.2)  |2 MRF 
080 |a (075.3)  |2 MRF 
080 |a (076.1)  |2 MRF 
080 |a (07.062)81  |2 MRF 
100 1 |a Motta, Giorgio  |7 mzk2005279265  |4 aut 
245 1 0 |a Klett maximal interaktiv 3 :  |b němčina pro základní školy a víceletá gymnázia /  |c Giorgio Motta, Elżbieta Krulak-Kempisty, Dagmar Glück, Kerstin Reinke, Kateřina Mlejnková Hošková 
246 3 0 |a Němčina pro základní školy a víceletá gymnázia 
250 |a 1. vydání 
264 1 |a Praha :  |b Klett,  |c [2019] 
300 |a 3 svazky :  |b ilustrace (převážně barevné) ;  |c 30 cm 
336 |a text  |b txt  |2 rdacontent 
337 |a bez média  |b n  |2 rdamedia 
338 |a svazek  |b nc  |2 rdacarrier 
500 |a V roce 2021 dotisk učebnice a barevného pracovního sešitu 
500 |a Barevný pracovní sešit obsahuje aktivační kód pro přístup na e-learningový portál 
505 0 |a Učebnice. ©2019. 81 stran -- Pracovní sešit barevný / Julia Katharina Weber, Lidija Šober, Sandra Hohmann, Dagmar Glück, Kateřina Mlejnková Hošková. ©2019. 91 stran -- Pracovní sešit černobílý / Julia Katharina Weber, Lidija Šober, Sandra Hohmann, Dagmar Glück, Kateřina Mlejnková Hošková. ©2019. 91 stran 
521 2 |a Jazyková úroveň A2.1 
650 0 7 |a němčina  |7 ph115512  |2 czenas 
650 0 9 |a German language  |2 eczenas 
653 0 |a jazyková úroveň A2 
655 7 |a učebnice základních škol  |7 fd133773  |2 czenas 
655 7 |a učebnice středních škol  |7 fd133771  |2 czenas 
655 7 |a pracovní sešity  |7 fd133116  |2 czenas 
655 7 |a jazykové učebnice, texty, příručky (A)  |7 fd600889  |2 czenas 
655 9 |a textbooks (elementary)  |2 eczenas 
655 9 |a textbooks (secondary)  |2 eczenas 
655 9 |a activity books  |2 eczenas 
655 9 |a language textbooks, texts, handbooks (A)  |2 eczenas 
700 1 |a Krulak-Kempisty, Elżbieta  |7 mzk2011662829  |4 aut 
700 1 |a Glück, Dagmar  |4 aut 
700 1 |a Reinke, Kerstin  |7 mzk2005286552  |4 aut 
700 1 |a Mlejnková Hošková, Kateřina  |7 xx0225474  |4 aut 
700 1 |a Weber, Julia Katharina  |4 aut 
700 1 |a Šober, Lidija  |4 aut 
700 1 |a Hohmann, Sandra,  |d 1974-  |7 pna2012711821  |4 aut 
856 4 2 |3 E-learningový portál  |u https://www.mcourser.cz/  |4 N 
910 2 |a BOA001  |b 4-1435.071  |s učebnice, pracovní sešit 
920 |a 000773413  |z OSA001 
990 |a BK 
995 |a 01 
991 |b 201909  |c NOV 
996 6 |b 2610793852  |c 4-1435.071  |d 1, učebnice  |v 1  |l MZK  |r Sklad / do 1 hodiny  |n 0  |p p.v.  |w 001753795  |u 000010  |a 1  |e BOA001  |j MZK50  |s P 
996 6 |b 2610793853  |c 4-1435.071  |d 2, pracovní sešit  |v 2  |l MZK  |r Sklad / do 1 hodiny  |n 0  |p p.v.  |w 001753795  |u 000020  |a 1  |e BOA001  |j MZK50  |s P